000 00348nam a2200145Ia 4500
005 20250508165024.0
008 250508s9999||||xx |||||||||||||| ||und||
041 _aEnglish
082 _a5.133
_bLAM
100 _aLambert, A, Kenneth
245 0 _aFundamentals of Python First Programs
260 _bCengage
_c2019
300 _a476p
942 _cBK
999 _c13607
_d13607